|
|
|
|
| LEADER |
00000cam a2200000 7i4500 |
| 001 |
0000047170 |
| 005 |
20150419.0 |
| 008 |
150419 |
| 020 |
|
|
|a 9838930318
|
| 090 |
0 |
0 |
|a ABD
|b MAL
|
| 100 |
1 |
|
|a Abd.Talib Hassan
|
| 245 |
1 |
0 |
|a Airani :
|b Dia menyulam cinta yang sirna di persada hatinya
|c Abd.Talib Hassan
|
| 260 |
|
|
|a Kuala Lumpur :
|b Creative Enterprise Sdn Bhd ,
|c 1991
|
| 999 |
|
|
|a 0000906390
|b Book
|c Adult Collection
|e Cawangan Bandar Tenggara
|
| 999 |
|
|
|a 0000922441
|b Book
|c Adult Collection
|e Cawangan Bukit Gambir
|
| 999 |
|
|
|a 0000934900
|b Book
|c Adult Collection
|e Cawangan Tangkak
|
| 999 |
|
|
|a 0000934902
|b Book
|c Adult Collection
|e Cawangan Tangkak
|
| 999 |
|
|
|a 0000940788
|b Book
|c Adult Collection
|e Cawangan Taman Sri Lambak
|